| 000 | 01007nam a22002897a 4500 | ||
|---|---|---|---|
| 001 | 6064 | ||
| 003 | FISKH | ||
| 005 | 20250305091623.0 | ||
| 008 | 250305b cb ||||| |||| 00| 0 eng d | ||
| 020 | _a9780689842313 | ||
| 040 |
_aFISKH _beng _cFISKH _dFISKH |
||
| 050 | _aPZ7.D78325 D | ||
| 082 | _a523 | ||
| 100 |
_aM.Draper, Sharon _d(1952-) |
||
| 245 |
_aDouble dutch / _cM.Draper, Sharon |
||
| 250 | _aThis edition first published in 2004 | ||
| 260 |
_aNew York : _bAladdin, _c2002. |
||
| 300 |
_a183 pages : _c20 cm |
||
| 505 | _aR | ||
| 520 | _aThree eighth-grade friends, preparing for the International Double Dutch Championship jump rope competition in their home town of Cincinnati, Ohio, cope with Randy's missing father, Delia's inability to read, and Yo Yo's encounter with the class bullies. | ||
| 521 | 8 |
_a760
_bLexile |
|
| 521 | 8 |
_aR
_bRaz-Plus |
|
| 650 |
_2Cincinnati _aJump rope |
||
| 650 |
_2Teen fiction _aYoung adult fiction |
||
| 942 |
_2ddc _cBK _n0 |
||
| 999 |
_c6064 _d6064 |
||